Music Quiz

Random Music or Song Quiz

Bohemian Rhapsody Clicky-oke Quiz Stats

 Plays Quiz Updated Mar 8, 2017

Support Sporcle.
Go Orange.
Score 0/32 Timer 04:00
18 Plays Today
% Correct
Is this just fantasy?
96.5%
No escape from reality
94.2%
Now he's dead
91.5%
Look up to the skies and see
91%
Put a gun against his head
90.6%
Carry on, carry on as if nothing really matters
86.9%
Little high, little low
86.6%
Doesn't really matter to me, to me
85.9%
But now I've gone and thrown it all away
84%
Scaramouche! Scaramouche!
81.4%
I'd never been born at all
79.6%
From a poor family
78.9%
Galileo, Galileo Galileo, Galileo, Galileo, Figaro - magnifico
78%
Thunderbolt and lightning
77.8%
From this monstrosity!
75.8%
I need no sympathy
75.2%
% Correct
And face the truth
69.4%
Sends shivers down my spine
68.3%
Didn't mean to make you cry
67.8%
Goodbye, everybody, I've got to go
65.2%
We will not let you go
65%
And leave me to die?
64.1%
Will you let me go
63%
Beelzebub has a devil put aside for me, for me, for meeeeeeeeeeeeeeee!
61.7%
(Let him go!) Bismillah! We will not let you go
60.2%
I don't want to die
58.7%
Just gotta get out, just gotta get right outta here!
57.8%
Nobody loves me
54.8%
And spit in my eye?
52.9%
No, no, no, no, no, no, no
52.2%
Anyone can see,
51%
Anyway the wind blows...
48.5%

You're not logged in!

Compare scores with friends on all Sporcle quizzes.
OR
Log In
Forgot?

From the Vault

Anything but Asian Capitals

by JohnFran

Click on the wrong button and you'll be subject to capital punishment.
Remove Ads.
Support Sporcle.
Get the best of Sporcle when you Go Orange. This ad-free experience offers more features, more stats, and more fun while also helping to support Sporcle. Thank you for becoming a member.

Show Comments

Extras

Top Quizzes Today


Score Distribution

Your Account Isn't Verified!

In order to create a playlist on Sporcle, you need to verify the email address you used during registration. Go to your Sporcle Settings to finish the process.

Report this User

Report this user for behavior that violates our Community Guidelines.

Details: